000 00842nam a2200265Ia 4500
003 OSt
005 20220930094408.0
006 a|||||r|||| 00| 0
007 ta
008 220926b |||||||| |||| 00| 0 eng d
024 _a71830
037 _cTheses
040 _aCRL
_cCRL
_beng
041 _2eng
_aeng
100 _aAgrawal Deepika Au.
_9555454
110 _aUniversity of Delhi. Faculty of Technology. Department of Applied Sciences & humanities
245 0 _aOn convergence estimates by some integral type operators
260 _c2021
300 _a107p.
_ap.
_ccm.
650 _aScience
700 _a Gupta Vijay Gu.
_9544821
700 _aUniversity of Delhi. Faculty of Technology. Department of Applied Sciences & humanities
942 _cDIS
_2CC
999 _c887056
_d887056